Managing public enterprises (Record no. 354848)

000 -LEADER
fixed length control field 00382cam a22001337a 4500
008 - FIXED-LENGTH DATA ELEMENTS--GENERAL INFORMATION
fixed length control field 180718b1982 xxu||||| |||| 00| 0 eng d
082 ## - DEWEY DECIMAL CLASSIFICATION NUMBER
Classification number U6 St24
245 ## - TITLE STATEMENT
Title Managing public enterprises
Statement of responsibility, etc. edited by W.T. Stanbury and Fred Thompson
260 ## - PUBLICATION, DISTRIBUTION, ETC.
Place of publication, distribution, etc. New York
Name of publisher, distributor, etc. Praeger
Date of publication, distribution, etc. 1982
300 ## - PHYSICAL DESCRIPTION
Extent 301p.
650 ## - SUBJECT ADDED ENTRY--TOPICAL TERM
Topical term or geographic name entry element Government enterprise
700 ## - ADDED ENTRY--PERSONAL NAME
Personal name Thompson, Fred
700 ## - ADDED ENTRY--PERSONAL NAME
Personal name Stanbury, W.T.
Holdings
Withdrawn status Lost status Damaged status Not for loan Permanent Location Current Location Date acquired Full call number Barcode Date last seen Price effective from Koha item type
        Indian Institute of Public Administration Indian Institute of Public Administration 1993-12-14 U6 St24 59961 2018-07-21 2018-07-21 Book

Powered by Koha